00535nam a2200145Ia 4500008004100000020001800041050001500059100004200074245015700116250000700273260002400280300001100304650003200315700004200347120626s9999 xx 000 0 und d a970-07-6177-0 aKGF409 D65 aDOMÍNGUEZ MARTÍNEZ, Jorge Alfredo aDerecho Civil : Parte general, personas, cosas, negocio jurídico e invalidez / Jorge Alfredo Domínguez Martínez : prol. de Manuel Borja Martínez a11 aMéxico : Porrúa a702 p. a1. DERECHO CIVIL - MÉXICO aI. Borja Martínez, Manuel, prol.Ì